Tolouse Lautrec (Record no. 26608)

MARC details
000 -LEADER
campo de control de longitud fija 00710nam a2200217 i 4500
001 - NÚMERO DE CONTROL
campo de control 26608
003 - IDENTIFICADOR DE NÚMERO DE CONTROL
campo de control ES-MaACL
005 - FECHA Y HORA DE LA ÚLTIMA TRANSACCIÓN
campo de control 20230906153455.0
007 - CAMPO FIJO DE DESCRIPCIÓN FÍSICA--INFORMACIÓN GENERAL
campo de control de longitud fija t|
008 - DATOS DE LONGITUD FIJA--INFORMACIÓN GENERAL
campo de control de longitud fija 030109s1959 sp |||| |bspa d
080 ## - NÚMERO DE LA CLASIFICACIÓN DECIMAL UNIVERSAL
Número de la Clasificación Decimal Universal 929Toulouse-Lautrec, Henri
100 1# - ENTRADA PRINCIPAL--NOMBRE DE PERSONA
Nombre de persona Auray, Henry d'.
9 (RLIN) 23926
245 10 - MENCIÓN DEL TÍTULO
Título Tolouse Lautrec
Resto del título : el enano del "Moulin Rouge" /
Mención de responsabilidad, etc. Henry d' Auray ; [versión de E. Martínez Fariñas].
260 ## - PUBLICACIÓN, DISTRIBUCIÓN, ETC.
Lugar de publicación, distribución, etc. Barcelona :
Nombre del editor, distribuidor, etc. Cedro,
Fecha de publicación, distribución, etc. [1959] (
Fabricante Proyecto)
300 ## - DESCRIPCIÓN FÍSICA
Extensión 158 p. ;
Dimensiones 17 cm.
490 1# - MENCIÓN DE SERIE
Mención de serie El personaje y su historia ;
Designación de volumen o secuencia 8
600 14 - PUNTO DE ACCESO ADICIONAL DE MATERIA--NOMBRE DE PERSONA
Nombre de persona Toulouse-Lautrec, Henri de.
9 (RLIN) 111132
830 0# - PUNTO DE ACCESO ADICIONAL DE SERIE-TÍTULO UNIFORME
Título uniforme El personaje y su historia ;
Designación de volumen o secuencia 8
9 (RLIN) 184409
852 ## - LOCALIZACIÓN
Ubicación ES-MaACL
Número de control de estantería C-18088
Holdings
Estatus retirado Estado de pérdida Estado de daño No para préstamo Biblioteca de origen Biblioteca actual Ubicación en estantería Fecha de adquisición Fuente de adquisición Total de préstamos Signatura topográfica completa Código de barras Visto por última vez Precio de reemplazo Tipo de ítem Koha
        Biblioteca del Ateneo de Madrid Biblioteca del Ateneo de Madrid Galería 17/01/2008     C-18088 1027459 23/02/2023 23/02/2023 Libro impreso